000 01145nas a2200289 i 4500
003 DO-SdBNP
005 20260210075759.0
007 ta
008 110414e2003 dr | p r ||00 | spa d
022 _a2520-3630
040 _aDO-SdBNP
_bspa
_cDO-SdBNP
_erda
041 _hspa
110 2 _aAcademia Dominicana de la Lengua
_953534
245 0 _aAcademia Dominicana de la Lengua :
_bboletín No. 17 /
_ceditor: Bruno Rosario Candelier.
264 _aSanto Domingo, República Dominicana :
_bAcademia Dominicana de la Lengua,
_c2004.
300 _avolumen ;
_c22 cm.
336 _atexto
_btxt
_2rdacontent
337 _asin mediación
_bn
_2rdamedia
338 _avolumen
_bnc
_2rdacarrier
362 _aNúmero 17, diciembre 2004.
500 _aBoletín de la Academia Dominicana de la Lengua, tercera época.
500 _aIncluye ISSN: 2520-3630. Desde el Boletín No. 32.
650 0 _aAcademia Dominicana de la Lengua
_vBoletín
_vPublicaciones periódicas
_988969
650 0 _aEspañol
_xPublicaciones periódicas
_zRepública Dominicana
_963749
700 1 _aRosario Candelier, Bruno,
_d1941-
_9851
_eeditor
942 _2ddc
_cISSUE
999 _c28722
_d28722